000 00723nam a2200181 i 4500
001 26242
003 ES-MaACL
007 t|
008 030108s1958 sp ||||1| spa d
100 1 _aAlvarez Guerrero, Alfonso.
_920835
245 1 4 _aLas CC del Castillo de la Fama /
_ccompuestas por el licenciado Alfonso Albares [sic] Guerrero jurista, dirigidas al muy alto y serenissimo catholico Emperador Don Carlos...
260 _a[Cieza] :
_bLa Fonte que Mana y Corre,
_c1958.
300 _a3 h. ;
_c25 cm.
490 1 _aEl ayre de la almena. Textos literarios rarĂ­simos ;
_v2
830 0 _aEl ayre de la almena. Textos literarios rarĂ­simos ;
_v2
_9183840
852 _aES-MaACL
_jC-8620
_bR.42921
999 _c26242
_d26242